[Event "IND-chB (Women) 35th"]
[Site "Calicut"]
[Date "2008.06.06"]
[Round "1"]
[White "Nadig, Kruttika"]
[Black "Anushya, S."]
[Result "1/2-1/2"]
[WhiteElo "2213"]
[BlackElo "1790"]
[PlyCount "107"]
[EventDate "2008.06.06"]
[EventType "swiss"]
[EventRounds "11"]
[EventCountry "IND"]
[SourceTitle "CBM 124 Extra"]
[Source "ChessBase"]
[SourceDate "2008.07.03"]
[SourceVersion "1"]
[SourceVersionDate "2008.07.03"]
[SourceQuality "1"]

1. e4 e5 2. Nf3 Nc6 3. Bb5 a6 4. Ba4 Nf6 5. 0-0 b5 6. Bb3 Be7 7. Re1 d6 8. c3 Bg4 9. h3 Bh5 10. d3 0-0 11. a4 Na5 12. Bc2 c5 13. Nbd2 Qc7 14. Nf1 Rfd8 15. g4 Bg6 16. Ng3 Nc6 17. Nf5 h6 18. N3h4 Bh7 19. g5 hxg5 20. Bxg5 Bxf5 21. Nxf5 Nh7 22. Be3 Bf6 23. Qg4 Ne7 24. Ng3 Qc8 25. f3 Qxg4 26. fxg4 Bh4 27. Kg2 Bg5 28. Bg1 Ng6 29. Nf5 Nf4+ 30. Kg3 g6 31. Ne3 Nf8 32. h4 Be7 33. a5 N8e6 34. Nd5 Nxd5 35. exd5 Nf4 36. d4 Rac8 37. Be4 cxd4 38. cxd4 Rc4 39. Rad1 Rb4 40. dxe5 dxe5 41. Bb6 Rd7 42. Bf3 Bd6 43. Rd2 Rb3 44. Re3 Rxe3 45. Bxe3 Bb4 46. Rd1 Bxa5 47. Bc5 b4 48. Ra1 Bd8 49. Rxa6 Nxd5 50. Bd6 e4 51. Bxe4 Rxd6 52. Rxd6 Bc7 53. Bxd5 Bxd6+ 54. Kf3 1/2-1/2